000 00699nam a2200181 a 4500
008 120416s1997 ||||||||||||||||| || u
020 _a1557756635
050 _aIMF(02)
100 _aTer-Minassian, Teresa
245 1 0 _aFiscal federalism in theory and practice
_cedited by Teresa Ter-Minassian
260 _aWashington, D.C.
_bIMF
_c1997
300 _axiii, 701p. : ill.
350 _a0.00
650 _aINTERGOVERNMENTAL FISCAL RELATIONS--CASE STUDIES
650 _aINTERGOVERNMENTAL FISCAL RELATIONS
650 _aREVENUE SHARING
995 _D0.00
_FCBU-MAIN LIBRARY (Kitwe)
_H1
_I35.00
_M1
_UAVAILABLE
_ZInternational Publications
999 _c43582
_d43582